Name all Taylor Swift one word songs - Statistics

General Stats
  • This quiz has been taken 699 times
    214 since last reset
  • The average score is 43 of 72
Answer Stats
Hint Answer % Correct
Red Red
95%
Fearless Fearless
94%
Lover Lover
94%
evermore evermore
82%
Lover ME!
81%
folklore august
79%
folklore cardigan
79%
folklore betty
77%
The Life of a Showgirl Opalite
74%
Fearless Fifteen
72%
1989 Style
72%
The Life of a Showgirl Wood
72%
1989 Clean
71%
reputation Dress
71%
Midnights Karma
70%
Midnights Maroon
70%
Speak now Mine
70%
Lover Daylight
69%
evermore dorothea
68%
folklore hoax
67%
Speak now Mean
67%
reputation Delicate
66%
folklore epiphany
66%
folklore exile
66%
folklore mirrorball
66%
1989 "Slut!"
66%
Speak now Enchanted
65%
reputation Gorgeous
65%
The Tortured Poets Department Fortnight
64%
Speak now Haunted
64%
Lover Afterglow
63%
evermore marjorie
63%
folklore seven
63%
evermore willow
63%
Midnights Bejeweled
62%
Speak now Ours
62%
The Tortured Poets Department Peter
62%
The Tortured Poets Department Robin
62%
evermore ivy
61%
folklore peace
61%
1989 Wonderland
61%
The Life of a Showgirl CANCELLED!
60%
Midnights Paris
60%
The Life of a Showgirl Honey
59%
Midnights Glitch
57%
Speak now Innocent
57%
Taylor Swift Invisible
57%
The Tortured Poets Department Cassandra
55%
Midnights Question...?
55%
Red Treacherous
55%
Midnights Labyrinth
54%
Midnights Mastermind
53%
Red Ronan
53%
Speak now Superman
53%
evermore happiness
52%
Fearless Breathe
51%
Fearless Change
51%
Red Babe
50%
Red Starlight
50%
evermore closure
49%
Red Run
47%
Speak now Timeless
46%
The Tortured Poets Department Florida!!!
45%
Fearless Untouchable
43%
Fearless Superstar
38%
Singles/Collabs us.
34%
Singles/Collabs Carolina
29%
Singles/Collabs Renegade
29%
Singles/Collabs Crazier
23%
Singles/Collabs Gasoline
23%
Singles/Collabs Birch
17%
Singles/Collabs Macavity
17%
No matching quizzes found
Score Distribution
Percent of People with Each Score
Percentile by Number Answered
Your Score History
You have not taken this quiz since the last reset